[Event "7th Africa-ch"]
[Site "Tripoli LBA"]
[Date "2009.07.24"]
[Round "3"]
[White "Ranaivoharisoa, Alain"]
[Black "Farahat, Ali"]
[Result "1/2-1/2"]
[WhiteElo "2083"]
[BlackElo "2397"]
[EventDate "2009.07.21"]
[PlyCount "127"]

1.e4 c5 2.Nf3 Nc6 3.d4 cxd4 4.Nxd4 Nf6 5.Nc3 e5 6.Ndb5 d6 7.Bg5 a6 8.Bxf6 
gxf6 9.Na3 b5 10.Nd5 f5 11.exf5 Bxf5 12.c3 Bg7 13.Nc2 O-O 14.Nce3 Be6 15.
Bd3 f5 16.Qh5 e4 17.Bc2 Ne7 18.Nf4 Bf7 19.Bb3 Qe8 20.Qg5 Kh8 21.O-O Bxb3 
22.axb3 Qf7 23.Rfd1 Be5 24.g3 Rg8 25.Qh4 Ng6 26.Nxg6+ Rxg6 27.Kh1 f4 28.
Ng2 Qb7 29.Nxf4 e3+ 30.Ng2 exf2 31.Rd2 Rf8 32.Rf1 Rgf6 33.g4 Qe4 34.g5 Rf4
35.Qh6 R4f7 36.Qh4 Qxh4 37.Nxh4 Rf4 38.Ng2 Rf3 39.Re2 R8f5 40.Ne3 Rxg5 41.
Rfxf2 Rxf2 42.Rxf2 b4 43.cxb4 Bd4 44.Rf3 Bxb2 45.Rg3 Re5 46.Kg2 d5 47.Ng4 
Re4 48.Nh6 Bg7 49.Nf5 Be5 50.Re3 Rxe3 51.Nxe3 d4 52.Nc4 d3 53.h3 Bf4 54.
Kf3 Bg5 55.Nb2 d2 56.Ke2 Kg7 57.Nc4 Kf6 58.Nxd2 Bxd2 59.Kxd2 Kg5 60.Kc3 
Kh4 61.b5 axb5 62.Kb4 Kxh3 63.Kxb5 Kg4 64.Kc4 1/2-1/2

[Event "7th Africa-ch"]
[Site "Tripoli LBA"]
[Date "2009.07.24"]
[Round "3"]
[White "Salem, Ali Maoloud"]
[Black "Van den Heever, Donovan"]
[Result "0-1"]
[WhiteElo "2131"]
[BlackElo "2254"]
[EventDate "2009.07.21"]
[PlyCount "82"]

1.d4 d5 2.Nf3 Nf6 3.c4 c6 4.Nc3 a6 5.cxd5 cxd5 6.Bg5 e6 7.e3 Nc6 8.Bd3 Be7
9.O-O O-O 10.Qe2 b5 11.Rad1 Bb7 12.a3 Re8 13.Bb1 Rc8 14.e4 Nxe4 15.Nxe4 
dxe4 16.Qxe4 g6 17.Qh4 Na5 18.d5 Bxd5 19.Qh6 Qc7 20.Bf4 Qb7 21.Be5 Bf8 22.
Qh4 Bg7 23.Bxg7 Kxg7 24.Ne5 Qe7 25.Qg3 Nc4 26.Ng4 h5 27.Qc3+ f6 28.Ne3 
Nxe3 29.Qxe3 Qf7 30.Rfe1 Red8 31.Qb6 Qb7 32.Qe3 e5 33.h3 Bf7 34.Qg3 Rxd1 
35.Rxd1 Qe7 36.Bf5 Rd8 37.Rc1 h4 38.Qxh4 gxf5 39.Rc3 f4 40.Qg4+ Bg6 41.Rc6
Qd7 0-1

[Event "7th Africa-ch"]
[Site "Tripoli LBA"]
[Date "2009.07.24"]
[Round "3"]
[White "Wageih, Kareim"]
[Black "Asabri, Hussein"]
[Result "1-0"]
[WhiteElo "2253"]
[BlackElo "2220"]
[EventDate "2009.07.21"]
[PlyCount "106"]

1.d4 Nf6 2.c4 g6 3.Nc3 Bg7 4.Nf3 O-O 5.Bf4 d6 6.e3 Nh5 7.Bg5 h6 8.Bh4 g5 
9.Nd2 Nf4 10.exf4 gxh4 11.Qh5 e5 12.fxe5 Nc6 13.Nf3 dxe5 14.d5 Nd4 15.
O-O-O Bf5 16.Bd3 Bxd3 17.Rxd3 Nxf3 18.gxf3 Qf6 19.Rg1 Kh8 20.Rg4 e4 21.
Rxe4 b5 22.Qxh4 Qg6 23.Nxb5 Rab8 24.Kc2 a6 25.Nc3 Rb6 26.Qg3 Qf6 27.Qxc7 
Rfb8 28.b3 R6b7 29.Qc6 Qf5 30.Re8+ Kh7 31.Rxb8 Rxb8 32.d6 Qg5 33.d7 Rd8 
34.Qe4+ f5 35.Qe8 Qf6 36.c5 Qh4 37.Qe3 Qxh2 38.c6 Qc7 39.Qe6 Qa5 40.b4 Qb6
41.Qxf5+ Kh8 42.Re3 Qxc6 43.Rd3 Qb6 44.Qc5 Qf6 45.Ne4 Qf7 46.Qc7 Qxa2+ 47.
Kd1 Qg8 48.Nd6 Bf6 49.Nb7 Qg1+ 50.Ke2 Qg8 51.Nxd8 Bxd8 52.Qe5+ Kh7 53.Qe4+
Kh8 1-0

[Event "7th Africa-ch"]
[Site "Tripoli LBA"]
[Date "2009.07.24"]
[Round "3"]
[White "Zaibi, Amir"]
[Black "Haddouche, Mohamed"]
[Result "0-1"]
[WhiteElo "2123"]
[BlackElo "2329"]
[EventDate "2009.07.21"]
[PlyCount "138"]

1.e4 e5 2.Bc4 Nf6 3.Nc3 Be7 4.d3 c6 5.f4 d5 6.exd5 exf4 7.Bxf4 cxd5 8.Bb3 
O-O 9.Nf3 Qb6 10.d4 Nc6 11.O-O Bg4 12.Na4 Qd8 13.Kh1 Rc8 14.Nc3 Na5 15.Be5
Nc4 16.Qc1 Ne4 17.Bxc4 Rxc4 18.Qe3 Nxc3 19.bxc3 f6 20.Bg3 Qd7 21.Rae1 Re8 
22.Nh4 Rcc8 23.Qd3 Bf8 24.h3 Be6 25.Rf3 Bf7 26.Ref1 Re4 27.Nf5 Rce8 28.Bh2
Qa4 29.Bd6 Bg6 30.Bxf8 Rxf8 31.a3 a6 32.Rf4 Rxf4 33.Rxf4 Qxa3 34.Qf3 Rd8 
35.h4 Bxf5 36.Rxf5 Qd6 37.h5 h6 38.Qe2 Qd7 39.Rf1 Re8 40.Qf3 Re4 41.Rb1 b5
42.Ra1 Qe6 43.Kh2 Rh4+ 44.Kg3 Re4 45.Kh2 Qd6+ 46.Kg1 Rh4 47.g3 Re4 48.Kf2 
Qe6 49.Ra2 f5 50.Ra1 Qf6 51.Kg2 Qe6 52.Kf2 Qf6 53.Kg2 b4 54.cxb4 Rxd4 55.
Rd1 Rxb4 56.Rxd5 f4 57.gxf4 Rxf4 58.Qe2 Qc6 59.Kg3 Qxd5 60.Kxf4 Qg5+ 61.
Ke4 Qe7+ 62.Kd3 Qxe2+ 63.Kxe2 Kf7 64.Ke3 g5 65.hxg6+ Kxg6 66.Kd4 Kf6 67.
Kc5 Ke6 68.Kb6 Kd5 69.Kxa6 Kc4 0-1

[Event "7th Africa-ch"]
[Site "Tripoli LBA"]
[Date "2009.07.24"]
[Round "4"]
[White "Abdel Razik, Khaled"]
[Black "Solomon, Kenny"]
[Result "1-0"]
[WhiteElo "2462"]
[BlackElo "2351"]
[EventDate "2009.07.21"]
[PlyCount "113"]

1.d4 Nf6 2.c4 e6 3.Nc3 Bb4 4.Qc2 O-O 5.e4 d6 6.Bd3 Nc6 7.Ne2 e5 8.d5 Ne7 
9.a3 Bxc3+ 10.Nxc3 Ng6 11.f3 Nh5 12.Be3 Ngf4 13.Bf1 f5 14.O-O-O Qe7 15.g3 
Ng6 16.Be2 f4 17.Bf2 fxg3 18.hxg3 Nxg3 19.Bxg3 Qg5+ 20.f4 Qxg3 21.f5 Qg5+ 
22.Kb1 Nf4 23.Rdg1 Qf6 24.Bh5 Bd7 25.Qh2 Bxf5 26.exf5 Qxf5+ 27.Ka2 Nxh5 
28.Qxh5 Qxh5 29.Rxh5 Rf7 30.c5 a6 31.cxd6 cxd6 32.Rh2 Rd8 33.Re2 Rdd7 34.
Kb3 Rf3 35.Kc2 g6 36.Rd2 Rc7 37.Kb3 Rd7 38.Kc2 Rc7 39.Rgg2 Rcf7 40.Rge2 
Kf8 41.Ne4 Ke7 42.Rd3 Rxd3 43.Kxd3 Rf3+ 44.Re3 Rf1 45.Rh3 h5 46.Rg3 Rd1+ 
47.Nd2 Kf7 48.Kc2 Re1 49.Nc4 e4 50.Kd2 Rb1 51.Nxd6+ Ke7 52.Rxg6 Rxb2+ 53.
Ke3 Rb3+ 54.Kxe4 Rxa3 55.Nxb7 Rb3 56.Nc5 Rb1 57.Rh6 1-0

[Event "7th Africa-ch"]
[Site "Tripoli LBA"]
[Date "2009.07.24"]
[Round "4"]
[White "Abdelnabbi, Imed"]
[Black "Adly, Ahmed"]
[Result "1/2-1/2"]
[WhiteElo "2452"]
[BlackElo "2548"]
[EventDate "2009.07.21"]
[PlyCount "60"]

1.c4 e6 2.d4 Nf6 3.Nc3 d5 4.Bg5 c6 5.e3 Nbd7 6.Qc2 Qa5 7.cxd5 Nxd5 8.e4 
Nxc3 9.Bd2 e5 10.bxc3 exd4 11.cxd4 Bb4 12.Nf3 O-O 13.Be2 Rd8 14.O-O Bxd2 
15.Nxd2 Nf8 16.Nb3 Qa4 17.Rfd1 Be6 18.Qc3 Qa3 19.Rd2 a5 20.Rc1 Bxb3 21.
axb3 a4 22.bxa4 Qxc3 23.Rxc3 Rxa4 24.Rc4 Ra1+ 25.Bf1 Rb1 26.f3 Rd7 27.Kf2 
f6 28.Be2 Kf7 29.Bf1 Ke7 30.Be2 Rd8 1/2-1/2

[Event "7th Africa-ch"]
[Site "Tripoli LBA"]
[Date "2009.07.24"]
[Round "4"]
[White "Amin, Bassem"]
[Black "Kobese, Watu"]
[Result "1-0"]
[WhiteElo "2551"]
[BlackElo "2391"]
[EventDate "2009.07.21"]
[PlyCount "85"]

1.e4 c5 2.Nf3 Nc6 3.d3 Nf6 4.c3 d5 5.Nbd2 e5 6.g3 Bg4 7.h3 Bh5 8.Bg2 d4 9.
g4 Bg6 10.Nc4 Nd7 11.a4 Be7 12.O-O h5 13.g5 h4 14.a5 Rh5 15.Bd2 Rc8 16.
cxd4 cxd4 17.b4 Qc7 18.Rc1 Qb8 19.Qc2 a6 20.Qb2 Na7 21.Nb6 Rxc1 22.Rxc1 
Nxb6 23.axb6 Nb5 24.Qc2 Bd8 25.Qc8 Qxc8 26.Rxc8 f6 27.Rb8 Nd6 28.b5 Nxb5 
29.Rxb7 Bf7 30.Ba5 Rh8 31.g6 Be6 32.Rxg7 Nd6 33.Bb4 Be7 34.Rh7 Rg8 35.Nxh4
Kd7 36.Nf5 Bxf5 37.exf5 Nxf5 38.b7 Ke6 39.Bxe7 Nxe7 40.Rxe7+ Kxe7 41.Bd5 
Rb8 42.g7 Rxb7 43.g8=Q 1-0

[Event "7th Africa-ch"]
[Site "Tripoli LBA"]
[Date "2009.07.24"]
[Round "4"]
[White "Asabri, Hussein"]
[Black "Zaibi, Amir"]
[Result "0-1"]
[WhiteElo "2220"]
[BlackElo "2123"]
[EventDate "2009.07.21"]
[PlyCount "56"]

1.d4 b6 2.Nf3 Bb7 3.e3 e6 4.Bd3 f5 5.O-O Nf6 6.c4 Bd6 7.Nc3 O-O 8.Bd2 Ng4 
9.h3 Nc6 10.e4 fxe4 11.Nxe4 Nh6 12.Nxd6 cxd6 13.d5 Ne7 14.Re1 Ng6 15.Ng5 
exd5 16.cxd5 Nf4 17.Bxf4 Rxf4 18.Bxh7+ Kh8 19.Qh5 Bxd5 20.Rad1 Bxa2 21.
Rxd6 Qf8 22.Rxd7 Rxf2 23.Rxa7 Bd5 24.Be4 Qc5 25.Rxa8+ Bxa8 26.Bxa8 Re2+ 
27.Kh2 Qe5+ 28.Kg1 Rxe1+ 0-1

[Event "7th Africa-ch"]
[Site "Tripoli LBA"]
[Date "2009.07.24"]
[Round "4"]
[White "De Gondo, Simplice Armel"]
[Black "Salem, Ali Maoloud"]
[Result "0-1"]
[WhiteElo "2432"]
[BlackElo "2131"]
[EventDate "2009.07.21"]
[PlyCount "68"]

1.d4 f5 2.g3 Nf6 3.Bg2 e6 4.Nf3 d5 5.O-O Bd6 6.c4 c6 7.Nc3 O-O 8.b3 Nbd7 
9.c5 Bc7 10.e3 Ne4 11.Bb2 Qe8 12.b4 Ndf6 13.Ne5 b6 14.Nxe4 Nxe4 15.cxb6 
axb6 16.Qc2 Bxe5 17.dxe5 Ba6 18.Rfc1 Bc4 19.a3 Qh5 20.Bf1 Bxf1 21.Rxf1 c5 
22.f3 Ng5 23.h4 Nf7 24.bxc5 bxc5 25.Qxc5 Qg6 26.Kg2 Rac8 27.Qe7 Rc2+ 28.
Rf2 Rxf2+ 29.Kxf2 f4 30.gxf4 Qc2+ 31.Kg3 Qxb2 32.Rg1 Qb6 33.Rd1 Nh6 34.Kf2
Nf5 0-1

[Event "7th Africa-ch"]
[Site "Tripoli LBA"]
[Date "2009.07.24"]
[Round "4"]
[White "Ezat, Mohamed"]
[Black "El-Gindy, Essam"]
[Result "1/2-1/2"]
[WhiteElo "2459"]
[BlackElo "2501"]
[EventDate "2009.07.21"]
[PlyCount "53"]

1.d4 Nf6 2.c4 e6 3.Nf3 Bb4+ 4.Bd2 c5 5.g3 Qb6 6.Nc3 cxd4 7.Nb5 Bxd2+ 8.
Qxd2 Nc6 9.Nfxd4 Ne4 10.Qe3 Qa5+ 11.Kd1 d5 12.f3 a6 13.cxd5 axb5 14.dxc6 
Nd6 15.Nb3 Qc7 16.cxb7 Bxb7 17.Qc5 Qe7 18.Ke1 O-O 19.Rd1 Rfd8 20.e4 Rac8 
21.Qb4 Qc7 22.Be2 Ra8 23.Qc5 Qb8 24.Qb4 Qc7 25.Qc5 Qb8 26.Qb4 Qc7 27.Qc5 
1/2-1/2

[Event "7th Africa-ch"]
[Site "Tripoli LBA"]
[Date "2009.07.24"]
[Round "4"]
[White "Haddouche, Mohamed"]
[Black "Arab, Adlane"]
[Result "1/2-1/2"]
[WhiteElo "2329"]
[BlackElo "2432"]
[EventDate "2009.07.21"]
[PlyCount "28"]

1.d4 Nf6 2.c4 g6 3.Nc3 Bg7 4.Nf3 d6 5.Bf4 O-O 6.h3 c5 7.d5 Qb6 8.e4 Qxb2 
9.Na4 Qa3 10.Bc1 Qb4+ 11.Bd2 Qa3 12.Bc1 Qb4+ 13.Bd2 Qa3 14.Bc1 Qb4+ 
1/2-1/2

[Event "7th Africa-ch"]
[Site "Tripoli LBA"]
[Date "2009.07.24"]
[Round "4"]
[White "Homrana, Mustafa"]
[Black "Belkhodja, Slim"]
[Result "0-1"]
[WhiteElo "2114"]
[BlackElo "2467"]
[EventDate "2009.07.21"]
[PlyCount "106"]

1.d4 d6 2.Nf3 g6 3.c4 Bg7 4.Nc3 Nd7 5.Bg5 c5 6.e3 Ngf6 7.Be2 O-O 8.d5 b5 
9.cxb5 a6 10.bxa6 Qb6 11.Rb1 Bxa6 12.O-O h6 13.Bh4 Rfb8 14.Nd2 Qb4 15.f4 
Bxe2 16.Qxe2 Nb6 17.a3 Qa5 18.e4 Na4 19.Nc4 Nxc3 20.Qd3 Ne2+ 21.Qxe2 Qa4 
22.Rbd1 Qd7 23.e5 dxe5 24.fxe5 Nxd5 25.Bxe7 Qxe7 26.Rxd5 Ra4 27.Qd3 Ra7 
28.Qe3 Rc7 29.Kh1 Qe6 30.Qd3 Kh7 31.h3 Rcb7 32.Rd6 Qe7 33.e6 fxe6 34.Re1 
Rb3 35.Qe4 Qg5 36.Rxe6 Qf5 37.Qxf5 gxf5 38.Re7 Kg8 39.R1e6 Bd4 40.Re8+ 
Rxe8 41.Rxe8+ Kf7 42.Re2 Kg6 43.Kh2 h5 44.Rc2 h4 45.a4 Rb4 46.a5 f4 47.Nb6
Rb5 48.Nc4 Rb4 49.Nb6 Kf5 50.g4+ hxg3+ 51.Kg2 Rb3 52.h4 f3+ 53.Kxg3 f2+ 
0-1

[Event "7th Africa-ch"]
[Site "Tripoli LBA"]
[Date "2009.07.24"]
[Round "4"]
[White "Kaabi, Mejdi"]
[Black "Wageih, Kareim"]
[Result "1-0"]
[WhiteElo "2313"]
[BlackElo "2253"]
[EventDate "2009.07.21"]
[PlyCount "67"]

1.d4 d5 2.Nf3 Nf6 3.c4 c6 4.Qc2 Bg4 5.Nbd2 e6 6.e3 Bf5 7.Bd3 Bxd3 8.Qxd3 
Nbd7 9.O-O Be7 10.b3 O-O 11.Bb2 c5 12.cxd5 Nxd5 13.Ne4 cxd4 14.Qxd4 N7f6 
15.Rfd1 Qa5 16.Qe5 Rac8 17.Nfd2 Rc2 18.Nc4 Qa6 19.Rd2 Rxd2 20.Nexd2 b5 21.
e4 Nb4 22.Qc7 Nc6 23.Ne3 Rd8 24.Rc1 Rc8 25.Qg3 Rd8 26.Nf3 Nb4 27.Qc7 Kf8 
28.Ng5 Qb6 29.Qg3 Kg8 30.Ng4 Nxg4 31.Qxg4 Bf8 32.Qh5 h6 33.Qxf7+ Kh8 34.
Nxe6 1-0

[Event "7th Africa-ch"]
[Site "Tripoli LBA"]
[Date "2009.07.24"]
[Round "4"]
[White "Niazi, Nehad"]
[Black "Obiamiwe, Paul"]
[Result "1-0"]
[WhiteElo "2237"]
[BlackElo "2043"]
[EventDate "2009.07.21"]
[PlyCount "87"]

1.d4 Nf6 2.c4 g6 3.Nc3 Bg7 4.e4 O-O 5.Be2 d6 6.Bg5 c5 7.d5 a6 8.Qd2 Re8 9.
Nf3 Nbd7 10.O-O Rb8 11.a4 b6 12.Rae1 Qc7 13.Bh6 Rf8 14.h3 Ne8 15.Bd3 Ne5 
16.Nxe5 dxe5 17.Bxg7 Kxg7 18.f4 f6 19.b3 Bd7 20.Kh1 Qd6 21.Ne2 Nc7 22.fxe5
Qxe5 23.Ng1 b5 24.axb5 axb5 25.Nf3 Qg3 26.e5 f5 27.e6 Be8 28.Ne5 bxc4 29.
bxc4 Rb3 30.Rf3 Qh4 31.Ref1 Qd4 32.Qe1 Na6 33.Qa1 Qxa1 34.Rxa1 Nb4 35.Bf1 
Rb2 36.Ra7 Kf6 37.Ng4+ Kg5 38.Rxe7 h5 39.Nf2 Nc2 40.Ne4+ Kh6 41.h4 Nd4 42.
Ng5 Rh8 43.Ra3 Rb1 44.Raa7 1-0

[Event "7th Africa-ch"]
[Site "Tripoli LBA"]
[Date "2009.07.24"]
[Round "4"]
[White "Ranaivoharisoa, Alain"]
[Black "Oatlhotse, Providence"]
[Result "1/2-1/2"]
[WhiteElo "2083"]
[BlackElo "2164"]
[EventDate "2009.07.21"]
[PlyCount "140"]

1.e4 c5 2.Nf3 d6 3.d4 cxd4 4.Qxd4 a6 5.Bg5 Nc6 6.Qd2 h6 7.Be3 Nf6 8.Nc3 
Ng4 9.O-O-O Nxe3 10.Qxe3 e6 11.Kb1 Be7 12.Nd4 Qc7 13.Qg3 O-O 14.f4 b5 15.
Nxc6 Qxc6 16.Bd3 Bb7 17.Rhg1 b4 18.Ne2 a5 19.f5 e5 20.Rgf1 f6 21.b3 Ba6 
22.Bxa6 Qxa6 23.Qd3 Qa7 24.Qd5+ Kh8 25.Rf3 a4 26.Rh3 Rfc8 27.Nc1 Bf8 28.g4
Rc5 29.Qe6 Rac8 30.Rd2 Qe7 31.c4 bxc3 32.Rc2 axb3 33.Nxb3 R5c6 34.Qd5 Qa7 
35.Rg3 Qa6 36.Qd1 Qa4 37.Qd5 Qa7 38.Qd1 Qa4 39.Qd5 Qa6 40.Qd1 Qb5 41.h4 
Be7 42.Qd3 Qb4 43.g5 Qc4 44.gxh6 gxh6 45.Qe3 Qf1+ 46.Rc1 Qf4 47.Qxf4 exf4 
48.Rf3 Rc4 49.Kc2 Rxe4 50.Kd3 d5 51.Rxc3 Ra8 52.Rc2 Bd6 53.Rg2 Be5 54.Rg6 
Kh7 55.Rg2 Rc4 56.Rd2 Raa4 57.Ke2 d4 58.Rfd3 Rc3 59.Rxc3 dxc3 60.Rd7+ Kg8 
61.Kf3 c2 62.Rd8+ Kf7 63.Rc8 Rxa2 64.Ke4 f3 65.Kxf3 Ra3 66.Rxc2 Rxb3+ 67.
Kg4 Bd6 68.Kh5 Bf8 69.Rc7+ Kg8 70.Kg4 Rb4+ 1/2-1/2

[Event "7th Africa-ch"]
[Site "Tripoli LBA"]
[Date "2009.07.24"]
[Round "4"]
[White "Rizouk, Aimen"]
[Black "Solomons, Deon"]
[Result "1-0"]
[WhiteElo "2506"]
[BlackElo "2210"]
[EventDate "2009.07.21"]
[PlyCount "77"]

1.e4 c5 2.c3 d6 3.d4 Nf6 4.Bd3 Nc6 5.Nf3 Bg4 6.d5 Nb8 7.Nbd2 g6 8.h3 Bd7 
9.Qb3 Qc7 10.a4 Bg7 11.O-O O-O 12.Nc4 Kh8 13.Bf4 Nh5 14.Bh2 Bh6 15.Rfe1 
Nf4 16.Bf1 e5 17.Nxd6 Qxd6 18.Qxb7 Qb6 19.Qxa8 Na6 20.a5 Qc7 21.Bxf4 exf4 
22.d6 Rxa8 23.dxc7 Nxc7 24.Bc4 Be6 25.Bxe6 Nxe6 26.Red1 Nf8 27.Rd5 Rc8 28.
a6 Rc7 29.Ne5 Bg7 30.Ra5 Bxe5 31.Rxe5 Ne6 32.Rb5 Rc6 33.Rb7 Kg7 34.Rxa7 
Kf6 35.Rd5 Nc7 36.e5+ Ke6 37.Rd6+ Rxd6 38.exd6 Kxd6 39.b4 1-0

[Event "7th Africa-ch"]
[Site "Tripoli LBA"]
[Date "2009.07.24"]
[Round "4"]
[White "Sarwat, Walaa"]
[Black "Simutowe, Amon"]
[Result "1/2-1/2"]
[WhiteElo "2390"]
[BlackElo "2481"]
[EventDate "2009.07.21"]
[PlyCount "177"]

1.e4 c5 2.Nf3 e6 3.d4 cxd4 4.Nxd4 a6 5.Bd3 Nc6 6.Nb3 Nf6 7.O-O Qc7 8.Qe2 
d5 9.Nc3 dxe4 10.Nxe4 Be7 11.c3 O-O 12.Nxf6+ Bxf6 13.Qc2 g6 14.Bh6 Rd8 15.
Rad1 Ne5 16.Be2 Bd7 17.Nd4 Nc4 18.Nf3 b5 19.Bg5 Bxg5 20.Nxg5 Kg7 21.b3 Nb6
22.Qb2 f6 23.c4 bxc4 24.bxc4 Na4 25.Qa1 Nc5 26.Bf3 Bc6 27.Qc3 e5 28.Qe3 
Bxf3 29.Nxf3 Qc6 30.h3 Ne6 31.Qa3 Kf7 32.Qc1 Nf4 33.Kh2 Rac8 34.Rfe1 Nd3 
35.Qh6 Nxe1 36.Qxh7+ Ke6 37.Rxe1 Qxc4 38.Kg1 Qc2 39.Qa7 Qa4 40.Kh2 Qf4+ 
41.Kg1 Rd6 42.Qg7 Rc1 43.Qxg6 Rxe1+ 44.Nxe1 Rd8 45.Nd3 Qc4 46.Ne1 Qc1 47.
Kf1 Qc4+ 48.Kg1 Qxa2 49.Nf3 Qa1+ 50.Kh2 Qc1 51.g3 Rh8 52.h4 Qh6 53.Qd3 Qf8
54.Qc4+ Ke7 55.Qc7+ Ke6 56.Qc4+ Ke7 57.Qxa6 Qa8 58.Qe2 Qd5 59.Ne1 Ra8 60.
Ng2 Ra2 61.Qe3 Qd4 62.Kg1 Ra1+ 63.Kh2 Qd8 64.Qc5+ Kf7 65.Qc4+ Kg7 66.g4 
Qb8 67.Kg3 Ra3+ 68.f3 Qa7 69.Qe4 Ra4 70.Qe1 Ra1 71.Qb4 Ra4 72.Qe1 e4 73.
fxe4 Qc7+ 74.Kf3 Ra3+ 75.Ne3 Qh2 76.Qf2 Qh3+ 77.Kf4 Kf7 78.h5 Ra5 79.Qd2 
Re5 80.Qd7+ Re7 81.Qd5+ Kf8 82.Qa8+ Kf7 83.Qd5+ Kf8 84.Qf5 Qh2+ 85.Kf3 
Qh1+ 86.Kg3 Qe1+ 87.Kf3 Qh1+ 88.Kg3 Qe1+ 89.Kf3 1/2-1/2

[Event "7th Africa-ch"]
[Site "Tripoli LBA"]
[Date "2009.07.24"]
[Round "4"]
[White "Shebsh, Abdullatief Mohamed"]
[Black "El-Zayat, Ahmed"]
[Result "1-0"]
[WhiteElo "2193"]
[BlackElo "1969"]
[EventDate "2009.07.21"]
[PlyCount "111"]

1.e4 e5 2.Nf3 d6 3.Bc4 Be7 4.c3 Nf6 5.d3 O-O 6.h3 Nc6 7.O-O Na5 8.Re1 h6 
9.Nbd2 a6 10.Nb3 Nxc4 11.dxc4 Be6 12.Nbd2 c6 13.b3 a5 14.a4 Nd7 15.Nf1 f5 
16.exf5 Bxf5 17.Ng3 Be6 18.Ba3 Nf6 19.Nh4 Rf7 20.Ng6 c5 21.f4 e4 22.f5 Bd7
23.Nxe4 Nxe4 24.Rxe4 Bf6 25.Qg4 Bxf5 26.Qxf5 Bd4+ 27.cxd4 Rxf5 28.Ne7+ Kh7
29.Nxf5 Qg5 30.Rf1 Rf8 31.Rg4 Qh5 32.Ng3 Rxf1+ 33.Nxf1 Qf5 34.dxc5 dxc5 
35.Bb2 g6 36.Rg3 Qb1 37.Bf6 Qe4 38.Re3 Qc6 39.Re7+ Kg8 40.Rg7+ Kf8 41.Rxg6
Kf7 42.Rxh6 Qb6 43.Nd2 Qd6 44.Bg5 Qd4+ 45.Kf1 Qd3+ 46.Kf2 Qf5+ 47.Nf3 Qc2+
48.Bd2 Qxb3 49.Bxa5 Kg7 50.Rb6 Qxa4 51.Rxb7+ Kf6 52.Bc3+ Ke6 53.Rb6+ Kf5 
54.Ke3 Qe8+ 55.Be5 Qc6 56.g4+ 1-0

[Event "7th Africa-ch"]
[Site "Tripoli LBA"]
[Date "2009.07.24"]
[Round "4"]
[White "Van den Heever, Donovan"]
[Black "Njili, Kamel"]
[Result "0-1"]
[WhiteElo "2254"]
[BlackElo "2318"]
[EventDate "2009.07.21"]
[PlyCount "54"]

1.e4 c5 2.Nf3 d6 3.d4 cxd4 4.Nxd4 Nf6 5.Nc3 Nc6 6.Bc4 Bd7 7.O-O g6 8.f3 
Bg7 9.Be3 O-O 10.Nb3 Ne5 11.Be2 Qc8 12.f4 Nc4 13.Bc1 b5 14.a3 Rb8 15.Kh1 
Re8 16.Qd3 Qc7 17.Qg3 e6 18.e5 Nd5 19.Nxd5 exd5 20.Bf3 Bc6 21.exd6 Qxd6 
22.c3 Qd7 23.Qf2 Nd6 24.Be3 Ne4 25.Qg1 a6 26.Bd4 Bh6 27.g3 Qe7 0-1

[Event "7th Africa-ch"]
[Site "Tripoli LBA"]
[Date "2009.07.25"]
[Round "5"]
[White "Abdelnabbi, Imed"]
[Black "Ezat, Mohamed"]
[Result "1/2-1/2"]
[WhiteElo "2452"]
[BlackElo "2459"]
[EventDate "2009.07.21"]
[PlyCount "150"]

1.e4 c6 2.d4 d5 3.Nd2 dxe4 4.Nxe4 Nd7 5.Ng5 Ngf6 6.Bd3 e6 7.N1f3 Bd6 8.Qe2
h6 9.Ne4 Nxe4 10.Qxe4 Nf6 11.Qe2 Qc7 12.Bd2 b6 13.O-O-O Bb7 14.Kb1 O-O-O 
15.Ba6 Bxa6 16.Qxa6+ Kb8 17.Qe2 Rd7 18.c4 Rhd8 19.Bc3 Qb7 20.b3 c5 21.d5 
Bc7 22.dxe6 Rxd1+ 23.Rxd1 Rxd1+ 24.Qxd1 Qe4+ 25.Kb2 Qxe6 26.Qe1 Qxe1 27.
Bxe1 Ng4 28.h3 Ne5 29.Nxe5 Bxe5+ 30.Kc2 Kc7 31.Kd3 Kd6 32.Bd2 Ke6 33.g4 f5
34.f3 Bg3 35.a3 Kf6 36.b4 cxb4 37.axb4 Ke6 38.gxf5+ Kxf5 39.Kd4 Ke6 40.Ke4
Bd6 41.b5 h5 42.Be3 g6 43.Bf2 Be7 44.Bg3 Bd6 45.Bh4 Bc5 46.Bg5 Bg1 47.Be3 
Bh2 48.Bf2 Bd6 49.Bd4 Bc7 50.Bc3 Bd6 51.Bd2 Bb8 52.Bb4 Bd6 53.Bd2 Bb8 54.
Bb4 Bd6 55.Bd2 Bb8 56.Bb4 Bd6 57.Bd2 Bb8 58.Be3 Bc7 59.Bd4 Bd6 60.Bg7 Bc7 
61.f4 Bb8 62.Bd4 Bd6 63.Bc3 Bc7 64.Bb4 Bd6 65.Be1 Bc5 66.Bc3 Bd6 67.Bd4 
Bc7 68.c5 bxc5 69.Bxc5 Bb6 70.Bb4 Bf2 71.Bc3 Bc5 72.Be5 Bb6 73.Bb8 Bc5 74.
Bc7 Bg1 75.Be5 Bb6 1/2-1/2

[Event "7th Africa-ch"]
[Site "Tripoli LBA"]
[Date "2009.07.25"]
[Round "5"]
[White "Adly, Ahmed"]
[Black "Abdel Razik, Khaled"]
[Result "1/2-1/2"]
[WhiteElo "2548"]
[BlackElo "2462"]
[EventDate "2009.07.21"]
[PlyCount "135"]

1.c4 e6 2.Nf3 Nf6 3.g3 d5 4.Bg2 Be7 5.O-O O-O 6.d4 dxc4 7.Qa4 a6 8.Qxc4 b5
9.Qc2 Bb7 10.Bd2 Bd6 11.Rc1 Nbd7 12.Ba5 Qe7 13.a4 c5 14.axb5 axb5 15.Nc3 
Rab8 16.dxc5 Bxc5 17.b4 Bxf3 18.Bxf3 Bxb4 19.Bc7 Rbc8 20.Nxb5 Nd5 21.Bxd5 
exd5 22.Na7 Bc5 23.Nxc8 Rxc8 24.Bf4 Bxf2+ 25.Kxf2 Rxc2 26.Ra8+ Nf8 27.Rxc2
g5 28.Rcc8 gxf4 29.Rxf8+ Kg7 30.Rg8+ Kf6 31.gxf4 Qc5+ 32.Kg2 Qc4 33.Rae8 
d4 34.Kf3 Qd5+ 35.Kf2 d3 36.exd3 Qxd3 37.Rg3 Qc4 38.Rge3 Qa2+ 39.Re2 Qb1 
40.R8e5 Qb6+ 41.Kg2 Qb7+ 42.Kg3 Qb3+ 43.Kg4 Qd3 44.R5e3 Qg6+ 45.Kf3 Qh5+ 
46.Kg3 Qg6+ 47.Kf2 Qh5 48.h3 Qc5 49.Rd2 Qb4 50.Red3 Kg7 51.Kg3 Qb6 52.Rd4 
Qb3+ 53.Kh2 Qe3 54.Kg2 h5 55.Kh2 Kh7 56.Kg2 h4 57.R4d3 Qxf4 58.Re2 Qg5+ 
59.Kf2 Qf4+ 60.Rf3 Qd4+ 61.Kg2 Qd5 62.Rf2 f5 63.Kg1 Qd1+ 64.Kg2 Qd5 65.Kg1
Qd1+ 66.Kg2 Qd5 67.Kg1 Qd1+ 68.Kg2 1/2-1/2

[Event "7th Africa-ch"]
[Site "Tripoli LBA"]
[Date "2009.07.25"]
[Round "5"]
[White "El-Zayat, Ahmed"]
[Black "Asabri, Hussein"]
[Result "1/2-1/2"]
[WhiteElo "1969"]
[BlackElo "2220"]
[EventDate "2009.07.21"]
[PlyCount "75"]

1.d4 Nf6 2.Nf3 g6 3.c4 Bg7 4.Nc3 d6 5.Bg5 h6 6.Bh4 O-O 7.e3 g5 8.Bg3 Nh5 
9.Nd2 Nxg3 10.hxg3 e5 11.d5 Nd7 12.g4 Nc5 13.Be2 f5 14.Nb3 Nxb3 15.axb3 e4
16.Qd2 fxg4 17.Nxe4 Qe7 18.Nc3 Bd7 19.Bd3 g3 20.f3 g4 21.Be2 Rae8 22.e4 a6
23.O-O-O Qe5 24.Kb1 gxf3 25.Bxf3 b5 26.Rh5 Qf6 27.cxb5 axb5 28.Ne2 Qg6 29.
Nf4 Qf7 30.Ne2 Rxe4 31.Bxe4 Qxh5 32.Nxg3 Qg4 33.Qd3 Rf4 34.Rc1 Rf2 35.Rc2 
Rxc2 36.Kxc2 Qf4 37.Qf3 Qe5 38.Qc3 1/2-1/2

[Event "7th Africa-ch"]
[Site "Tripoli LBA"]
[Date "2009.07.25"]
[Round "5"]
[White "Arab, Adlane"]
[Black "Sarwat, Walaa"]
[Result "0-1"]
[WhiteElo "2432"]
[BlackElo "2390"]
[EventDate "2009.07.21"]
[PlyCount "66"]

1.d4 d5 2.c4 c6 3.Nf3 Nf6 4.Qc2 g6 5.Bf4 Bg7 6.e3 O-O 7.Nc3 Na6 8.Be2 c5 
9.O-O cxd4 10.Nxd4 dxc4 11.Qa4 Nd7 12.Bg5 Nb6 13.Qa5 h6 14.Bh4 g5 15.Bg3 
Bxd4 16.exd4 Qxd4 17.Na4 Nxa4 18.Qxa4 Be6 19.Rfe1 Rfd8 20.Qa3 Qc5 21.Qf3 
Nb4 22.Qc3 Rac8 23.Bf3 Rd3 24.Qc1 Rxf3 25.gxf3 Nd3 26.Qd2 Nxe1 27.Rxe1 c3 
28.Qc2 cxb2 29.Qxb2 Qc3 30.Qe2 Bd5 31.f4 Rc4 32.f3 gxf4 33.Bf2 Qg7+ 0-1

[Event "7th Africa-ch"]
[Site "Tripoli LBA"]
[Date "2009.07.25"]
[Round "5"]
[White "Belkhodja, Slim"]
[Black "Kaabi, Mejdi"]
[Result "1-0"]
[WhiteElo "2467"]
[BlackElo "2313"]
[EventDate "2009.07.21"]
[PlyCount "69"]

1.e4 e5 2.Bc4 Nf6 3.d3 c6 4.Nf3 Be7 5.O-O d6 6.Nbd2 O-O 7.Re1 Re8 8.a4 Bf8
9.Nf1 g6 10.Ng3 Bg7 11.c3 h6 12.Ba2 Qe7 13.a5 Be6 14.Bxe6 Qxe6 15.h3 Na6 
16.Be3 c5 17.Qa4 d5 18.exd5 Nxd5 19.d4 e4 20.Nxe4 Qxe4 21.Bd2 Nxc3 22.Bxc3
Qc6 23.Qxc6 bxc6 24.dxc5 Bxc3 25.bxc3 Nxc5 26.Nd4 Rec8 27.Re5 Nd7 28.Re7 
Nc5 29.a6 Kf8 30.Rb7 Kg8 31.f3 Nd3 32.Kf1 Re8 33.Nxc6 Re6 34.Rxa7 Rae8 35.
Re7 1-0

[Event "7th Africa-ch"]
[Site "Tripoli LBA"]
[Date "2009.07.25"]
[Round "5"]
[White "Njili, Kamel"]
[Black "Rizouk, Aimen"]
[Result "1/2-1/2"]
[WhiteElo "2318"]
[BlackElo "2506"]
[EventDate "2009.07.21"]
[PlyCount "53"]

1.d4 Nf6 2.Bg5 c6 3.c3 Qb6 4.Qc1 d5 5.Nd2 Nbd7 6.Ngf3 h6 7.Bh4 g5 8.Bg3 
Bg7 9.e3 Nh5 10.Bd3 Nxg3 11.hxg3 e5 12.dxe5 g4 13.Nh4 Nxe5 14.Bc2 c5 15.e4
d4 16.cxd4 cxd4 17.O-O Bd7 18.Nf5 Bf6 19.Bb3 Rc8 20.Nc4 Nxc4 21.Bxc4 Kf8 
22.b3 Bxf5 23.exf5 Qd6 24.Qd2 Bg5 25.Qd3 Bf6 26.Qd2 Bg5 27.Qd3 1/2-1/2

[Event "7th Africa-ch"]
[Site "Tripoli LBA"]
[Date "2009.07.25"]
[Round "5"]
[White "Oatlhotse, Providence"]
[Black "El-Kamel, Adel Mahmoud"]
[Result "1/2-1/2"]
[WhiteElo "2164"]
[BlackElo "2239"]
[EventDate "2009.07.21"]
[PlyCount "110"]

1.Nf3 Nf6 2.c4 e6 3.d4 Bb4+ 4.Bd2 Qe7 5.g3 b6 6.Bg2 Bb7 7.O-O Bxd2 8.Qxd2 
O-O 9.Nc3 d6 10.d5 e5 11.e4 Nbd7 12.Nh4 g6 13.b4 a5 14.a3 Nh5 15.Nb5 Ndf6 
16.Rfc1 Ba6 17.Qc3 Ne8 18.Bf1 Bxb5 19.cxb5 Ra7 20.Ng2 f5 21.exf5 gxf5 22.
Ne3 f4 23.Nc4 fxg3 24.fxg3 axb4 25.axb4 Rxa1 26.Rxa1 Qg7 27.Qd2 Qg6 28.Bg2
Nef6 29.Ne3 Ng4 30.Nxg4 Qxg4 31.Qc3 Rf7 32.Re1 Kg7 33.Rf1 Rxf1+ 34.Bxf1 
Qd4+ 35.Qxd4 exd4 36.Be2 Nf6 37.Bf3 Ng8 38.Kf2 Kf6 39.Ke2 Ke5 40.Kd3 Ne7 
41.Be4 h6 42.h4 Nxd5 43.Bxd5 Kxd5 44.g4 Ke5 45.g5 hxg5 46.hxg5 Kf5 47.Kxd4
Kxg5 48.Kd5 Kf6 49.Kc6 Ke7 50.Kxc7 d5 51.Kxb6 d4 52.Ka7 d3 53.b6 d2 54.b7 
d1=Q 55.b8=Q Qa4+ 1/2-1/2